00291nam a2200121Ia 4500008004100000041000900041082001800050100001500068245002800083260004100111300000900152650000800161230718s9999 xx 000 0 und d aEng. a346.02bMAH-T aMahmood M. 4aThe Contract Act,k 1872 aPakistanbAl- Qanon Publishersc2012 a1722 aLaw